{"text_format":"3","workbook":"xls","n_sheets":1,"sheets":["Sheet1"],"read":"whole","date_system":"1900","formulas":"cached_only"}

{"sheet":"Sheet1","index":0,"n_rows":59,"n_cols":7,"rows_kept":59,"merged":[[1,0,1,6],[2,0,2,6],[4,0,8,0],[7,1,8,5],[7,6,8,6],[10,0,14,0],[13,1,14,5],[13,6,14,6],[16,0,20,0],[19,1,20,5],[19,6,20,6],[22,0,26,0],[25,1,26,5],[25,6,26,6],[28,0,32,0],[31,1,32,5],[31,6,32,6],[34,0,38,0],[37,1,38,5],[37,6,38,6],[40,0,44,0],[43,1,44,5],[43,6,44,6],[46,0,50,0],[49,1,50,5],[49,6,50,6],[52,0,52,1],[53,0,53,1],[54,0,54,1],[55,0,55,1],[56,0,56,1],[57,0,57,5],[58,0,58,5]],"flags":["formulas_cached_only"]}
["附件2"]
["连州市2024年春风行动暨就业援助月招聘会费用清单"]
["承办企业：连州市奥迪广告制作设计有限公司"]
["时间\n地点","内   容","规格\n（CM）","数量","单位","单价\n（元）","金额\n（元）"]
["保安镇   1月22日","帐篷","3米X3米",8,"顶",60,480]
[null,"桌子16张,凳子32张，红色台布（一张台，2张凳1件红布为一套）",null,16,"套",65,1040]
[null,"工人拆装、交通运输费",null,1,"项",950,950]
[null,"小计",{"$nulls":4},2470]
[]
[]
["大路边镇   1月23日","帐篷","3米X3米",8,"顶",60,480]
[null,"桌子16张,凳子32张，红色台布（一张台，2张凳1件红布为一套）",null,16,"套",65,1040]
[null,"工人拆装、交通运输费",null,1,"项",950,950]
[null,"小计",{"$nulls":4},2470]
[]
[]
["西江镇  1月24日","帐篷","3米X3米",8,"顶",60,480]
[null,"桌子16张,凳子32张，红色台布（一张台，2张凳1件红布为一套）",null,16,"套",65,1040]
[null,"工人拆装、交通运输费",null,1,"项",950,950]
[null,"小计",{"$nulls":4},2470]
[]
[]
["东陂镇   1月25日","帐篷","3米X3米",8,"顶",60,480]
[null,"桌子16张,凳子32张，红色台布（一张台，2张凳1件红布为一套）",null,16,"套",65,1040]
[null,"工人拆装、交通运输费",null,1,"项",950,950]
[null,"小计",{"$nulls":4},2470]
[]
[]
["瑶安乡   1月29日","帐篷","3米X3米",8,"顶",60,480]
[null,"桌子16张,凳子32张，红色台布（一张台，2张凳1件红布为一套）",null,16,"套",65,1040]
[null,"工人拆装、交通运输费",null,1,"项",950,950]
[null,"小计",{"$nulls":4},2470]
[]
[]
["龙坪镇   1月30日","帐篷","3米X3米",8,"顶",60,480]
[null,"桌子16张,凳子32张，红色台布（一张台，2张凳1件红布为一套）",null,16,"套",65,1040]
[null,"工人拆装、交通运输费",null,1,"项",950,950]
[null,"小计",{"$nulls":4},2470]
[]
[]
["星子镇   2月1日","帐篷","3米X3米",8,"顶",60,480]
[null,"桌子16张,凳子32张，红色台布（一张台，2张凳1件红布为一套）",null,16,"套",65,1040]
[null,"工人拆装、交通运输费",null,1,"项",950,950]
[null,"小计",{"$nulls":4},2470]
[]
[]
["丰阳镇   2月2日","帐篷","3米X3米",8,"顶",60,480]
[null,"桌子16张,凳子32张，红色台布（一张台，2张凳1件红布为一套）",null,16,"套",65,1040]
[null,"工人拆装、交通运输费",null,1,"项",950,950]
[null,"小计",{"$nulls":4},2470]
[]
[]
["连州市2024年春风行动暨就业援助月招聘会 横幅",null,"600X60",1,"条",130,130]
["连州市“全民就业行动”现场招聘会 横幅",null,"600X60",1,"条",130,130]
["连州市2024年度“雁归返乡     圆梦青春”活动暨高校毕业生招聘会 横幅",null,"600X60",1,"条",130,130]
["连州市职业指导下基层活动 横幅",null,"300X40",1,"条",50,50]
["企业横幅",null,"300X40",15,"条",50,750]
["小计",{"$nulls":5},1190]
["合计",{"$nulls":5},20950]